000 00630nam a2200217Ia 4500
005 20250508165348.0
008 008 250505s9999 xx 000 0 eng d
020 _a978-0-415-62941-6
037 _aTextual
040 _aFEDL
_beng
_cFEDL
041 _aeng
_2eng
084 _a378.173 4, SEA
_qFEDL
100 _aSeale K
_9780609
245 0 _aE- learning and disability in higher education: Accessibility research and practice
250 _a2
260 _aAbingdon, UK
_bRoutledge
_c2014
300 _ax, 268p.
365 _aGBP
_b24.95
942 _cTEXL
_h378.173 4, SEA
999 _c1394665
_d1394665